000
00288nam a22001337a 4500
008
170620b xxu||||| |||| 00| 0 eng d
020
_a
9781592405732
041
_a
eng
080
_a
32
100
_a
20
101
_a
SHM
245
_a
OUR PATCHWORK NATION
_c
SUAREZ, R
942
_2
udc
_c
BK
999
_c
18333
_d
18333